Statistics for Important Network Ports

Click here to take the quiz!

General Stats

  • This quiz has been taken 55 times
  • The average score is 12 of 19

Answer Stats

PortServiceProtocolDescription% Correct
53DNSTCP/UDPDomain Name Server
94%
22sshTCPSSH Remote Login Protocol
88%
23telnetTCPTelnet
88%
443httpsTCPHypertext Transfer Protocol over TLS/SSL
88%
20ftp-dataTCP/UDPFile Transfer Data
81%
21ftpTCP/UDPFile Transfer Control
81%
80httpTCPHyper Transfer Protocol
81%
67DHCPUDPDynamic Host Configuration Protocol (IPv4 Server or Relay-Agent)
75%
68DHCPUDPDynamic Host Configuration Protocol (IPv4 Client)
75%
25smtpTCPSimple Mail Transfer Protocol
69%
110pop3TCPPost Office Protocol 3
63%
389IdapTCPLightweight Directory Access Protocol
50%
666doomTCP/UDPDoom
44%
995pop3sTCPPost Office Protocol 3 over TLS/SSL
38%
143imap4TCPInternet Message Access Protocol 4
31%
3306mysqlTCP/UDPMySQL Port
31%
587smtpTCPSimple Mail Transfer Prtocol (Can TLS)
31%
993imapsTCPInternet Message Access Protocol 4 over TLS/SSL
25%
119nntpTCPNetwork New Transfer Protocol
19%

Score Distribution

Percentile by Number Answered

Percent of People with Each Score

Your Score History

You have not taken this quiz